| 000 | 01759nam a2200421 a 4500 | ||
|---|---|---|---|
| 001 | ebr10225495 | ||
| 003 | CaPaEBR | ||
| 006 | m u | ||
| 007 | cr cn||||||||| | ||
| 008 | 070129s2007 caua sb 000 0 eng | ||
| 010 | _z 2007003864 | ||
| 020 | _z9780833040213 (pbk. : alk. paper) | ||
| 020 | _z0833040219 (pbk. : alk. paper) | ||
| 040 |
_aCaPaEBR _cCaPaEBR |
||
| 035 | _a(OCoLC)183682126 | ||
| 043 | _an-us--- | ||
| 050 | 1 | 4 |
_aU241 _b.G65 2007eb |
| 082 | 0 | 4 |
_a355.02/18 _222 |
| 100 | 1 | _aGompert, David C. | |
| 245 | 1 | 0 |
_aHeads we win _h[electronic resource] : _bthe cognitive side of counterinsurgency (COIN) / _cDavid C. Gompert ; prepared for the Office of the Secretary of Defense. |
| 246 | 3 | 0 | _aCognitive side of counterinsurgency (COIN) |
| 260 |
_aSanta Monica, CA : _bRAND National Defense Research Institute, _c2007. |
||
| 300 |
_axvii, 62 p. : _bill. |
||
| 490 | 1 |
_aRand counterinsurgency study ; _vpaper 1 |
|
| 490 | 1 |
_aOccasional paper ; _vOP-168-OSD |
|
| 504 | _aIncludes bibliographical references (p. 59-62). | ||
| 533 |
_aElectronic reproduction. _bPalo Alto, Calif. : _cebrary, _d2013. _nAvailable via World Wide Web. _nAccess may be limited to ebrary affiliated libraries. |
||
| 650 | 0 |
_aCounterinsurgency _xPsychological aspects. |
|
| 650 | 0 | _aJihad. | |
| 650 | 0 |
_aTerrorism _xPrevention. |
|
| 651 | 0 |
_aUnited States _xMilitary policy. |
|
| 655 | 7 |
_aElectronic books. _2local |
|
| 710 | 1 |
_aUnited States. _bDept. of Defense. |
|
| 710 | 2 | _aebrary, Inc. | |
| 830 | 0 |
_aOccasional paper (Rand Corporation) ; _vOP-168-OSD. |
|
| 830 | 0 |
_aRand counterinsurgency study ; _vv. 1. |
|
| 856 | 4 | 0 |
_uhttp://site.ebrary.com/lib/rucke/Doc?id=10225495 _zAn electronic book accessible through the World Wide Web; click to view |
| 999 |
_c40804 _d40804 |
||